Statistics for Beginning with the letter "E"

Click here to take the quiz!

General Stats

  • This quiz has been taken 21 times
  • The average score is 9 of 15

Answer Stats

HintAnswer% Correct
Capital of ScotlandEdinburgh
100%
The 3rd rock from the sunEarth
95%
Large reference book or set of booksEncyclopedia
95%
Theory of Relativity proponentEinstein
90%
Used to be part of EthiopiaEritrea
90%
Sherlock Holmes' favorite explanation to Dr. WatsonElementary
85%
Tea famous for its distinct citrus flavorEarl Grey
70%
The global language of tradeEnglish
65%
Subject of "Darwinism"Evolution
65%
Joint between the humerus and the tibia/ulnaElbow
50%
Spiny anteaterEchidna
45%
Soy beans still in the podEdamame
45%
Montgomery Scott's function on the EnterpriseEngineer
25%
Great cable laying steamship Great ____________?Eastern
5%
Airline formerly jointly run by Kenya, Tanzania and UgandaEast African Airways
0%

Score Distribution

Percentile by Number Answered

Percent of People with Each Score

Your Score History

You have not taken this quiz